000 00546nam a2200205Ia 4500
005 20250508165046.0
008 008 250505s9999 xx 000 0 hin d
037 _aTextual
040 _aFEDL
_beng
_cFEDL
041 _ahin
_2hin
084 _a891.430 92, AGR
_qFEDL
100 _aAgrawal Pratibha
_9419145
245 0 _aMohan Rakesh
260 _aNew Delhi, India
_bSahitya Akademi
_c1992
300 _a80p.
365 _aINR
_b15
546 _aMACESE
942 _cTEXL
_h891.430 92, AGR
999 _c1392889
_d1392889